000 00514nam a2200181Ia 4500
005 20250923145826.0
008 008 250917s9999 xx 000 0 eng d
037 _aTextual
040 _aDSWL
_beng
_cDSWL
041 _aeng
_2eng
084 _aX:75.41.N9, N83
_qDSWL
100 _aHong, Ma.
_9839312
245 0 _aNew strategy for China's economy
_cby Ma Hong
260 _aBeijing
_bNew World Press
_c1983
300 _a166p.
942 _cTEXL
_hX:75.41.N9, N83
999 _c1456156
_d1456156